Zúčtovací vztahy, vkladové a krátkodobé úvěrové účty.

Charakteristika účtovných skupín a účtov. Príklad účtovania zmenkových pohľadávok v rozpočtovej organizácií, v obci, v príspevkovej organizácii a v hospodárskej činnosti rozpočtovej organizácie. Príklad účtovania prijatej krátkodobej zálohy od odberateľa v rozpočtovej organizácii a veľký počet ďalší...

Ausführliche Beschreibung

Gespeichert in:
Bibliographische Detailangaben
1. Verfasser: Šmíd, Vítězslav
Format: Buchkapitel
Sprache:Tschechisch
Schlagworte:
Tags: Tag hinzufügen
Keine Tags, Fügen Sie das erste Tag hinzu!

MARC

LEADER 00000naa a2200000 4500
001 r011837
005 20220831085459.2
041 0 |a cze 
044 |a [CS] 
245 1 0 |a Zúčtovací vztahy, vkladové a krátkodobé úvěrové účty.  |c Vítězslav Šmíd 
520 |a Charakteristika účtovných skupín a účtov. Príklad účtovania zmenkových pohľadávok v rozpočtovej organizácií, v obci, v príspevkovej organizácii a v hospodárskej činnosti rozpočtovej organizácie. Príklad účtovania prijatej krátkodobej zálohy od odberateľa v rozpočtovej organizácii a veľký počet ďalších konkrétnych príkladov účtovania. 
610 2 0 |a účty úverové 
610 2 0 |a účty bankové 
610 2 0 |a organizácie rozpočtové 
610 2 0 |a zmenky 
610 2 0 |a organizácie príspevkové 
610 2 0 |a dane priame 
610 2 0 |a dane z hodnoty pridanej 
610 2 0 |a dotácie 
610 2 0 |a účtovanie nákladov 
610 2 0 |a pohľadávky 
100 1 |a Šmíd, Vítězslav